000 00881nas a2200265 4500
001 BR2010000933
003 BR-BrBNA
005 20231205113914.0
007 ta
008 230509b bl.|||p| |||| 00| 00por d
040 _aBR-BrBNA
_bpor
_cBiblioteca Nacional de Agricultura
041 _a(Pt)
072 _aK10
100 1 _aRocha, R.B.
100 1 _aVieira, A.H.
100 1 _aGama, M. de M.B.
100 1 _aRossi, L.M.B.
245 1 _aAvaliação genética de procedências de bandarra (Schizolobium amazonicum)utilizando REML/BLUP (máxima verossimilhança restrita/melhor predição linear não viciada)
650 _aPARICÁ
650 _aSEMENTE
650 _aPARÂMETRO GENÉTICO
773 0 _tScientia Forestalis (Brazil)
_xISSN 1413-9324
_g(Dec 2009), v. 37(84) p. 351-358
_wBR2010000933
909 _a202311
_bLúcia
_c55
_dLúcia Elande
942 _2AGRIS
_n0
_cANA
999 _c206216
_d206216